مكتبة جامعة عجلون الوطنية

فهرس بحث المكتبة

سيكولوجية التطور الإنساني من الطفولة الى الرشد (Record no. 14336)

MARC details
000 -LEADER
fixed length control field 00781nam a2200217Ii 4500
003 - CONTROL NUMBER IDENTIFIER
control field JO-AjNU
008 - FIXED-LENGTH DATA ELEMENTS--GENERAL INFORMATION
fixed length control field 230605s9999||||xx |||||||||||||| ||und||
017 ## - COPYRIGHT OR LEGAL DEPOSIT NUMBER
Copyright or legal deposit number 2004/8/2111
040 ## - CATALOGING SOURCE
Original cataloging agency JO-AjNU
Language of cataloging ara
Description conventions rda
Transcribing agency JO-AjNU
041 ## - LANGUAGE CODE
Language code of text/sound track or separate title ara
050 14 - LIBRARY OF CONGRESS CALL NUMBER
Classification number BF731.A4282.2010
100 3# - MAIN ENTRY--PERSONAL NAME
Personal name علاونة،شفيق فلاح,
Relator term author
9 (RLIN) 27923
245 00 - TITLE STATEMENT
Title سيكولوجية التطور الإنساني من الطفولة الى الرشد
250 ## - EDITION STATEMENT
Edition statement ط3
264 31 - PRODUCTION, PUBLICATION, DISTRIBUTION, MANUFACTURE, AND COPYRIGHT NOTICE
Place of production, publication, distribution, manufacture عمان:دار المسيرة للنشر والتوزيع والطباعة ، 2010
300 ## - PHYSICAL DESCRIPTION
Extent 352ص
336 ## - CONTENT TYPE
Content type term text
Content type code txt
Source rdacontent
337 ## - MEDIA TYPE
Media type term unmediated
Media type code n
Source rdamedia
338 ## - CARRIER TYPE
Carrier type term volume
Carrier type code nc
Source rdacarrier
650 #4 - SUBJECT ADDED ENTRY--TOPICAL TERM
Topical term or geographic name entry element علم النفس-التطور الاخلاقي-النمو الفردي
9 (RLIN) 27924
Holdings
Withdrawn status Lost status Source of classification or shelving scheme Damaged status Not for loan Home library Current library Shelving location Date acquired Total Checkouts Full call number Barcode Date last seen Price effective from Koha item type
    Library of Congress Classification     مكتبة جامعة عجلون الوطنية مكتبة جامعة عجلون الوطنية المجموعات العامة 06/06/2023   BF731.A4282.2010 A10768 06/06/2023 06/06/2023 Books